[Event "Lvov zt"]
[Site "Lvov"]
[Date "1990.??.??"]
[Round "?"]
[White "Shirov, Alexei"]
[Black "Yudasin, Leonid"]
[Result "1/2-1/2"]
[WhiteElo "2500"]
[BlackElo "2575"]

1.d4 Nf6 2.c4 e6 3.Nc3 Bb4 4.f3 d5 5.a3 Be7 6.e4 c5 7.dxc5 Bxc5 8.b4 Bxg1
9.Rxg1 Qc7 10.g3 dxc4 11.Nb5 Qe5 12.Nd6+ Ke7 13.Bf4 Qc3+ 14.Bd2 Qd4 15.Nxc4 b5
16.Ne3 Bd7 17.Rc1 Na6 18.Kf2 Rac8 19.Bc3 Qxd1 20.Nxd1 Rhd8 21.Be2 Nb8 22.Nb2 Bc6
23.Nd3 Nbd7 24.Bd4 a6 25.Nc5 e5 26.Be3 Nxc5 27.Bxc5+ Ke8 28.a4 Rd2 29.Ke3 Ra2
30.a5 Rd8 31.Bb6 Rdd2 32.Bd3 Kd7 33.Rc5 Bxe4 34.Bxe4  1/2-1/2

[Event "Lvov zt"]
[Site "Lvov"]
[Date "1990.??.??"]
[Round "?"]
[White "Yudasin, Leonid"]
[Black "Lputian, Smbat G"]
[Result "1/2-1/2"]
[WhiteElo "2575"]
[BlackElo "2545"]

1.c4 f5 2.Nc3 Nf6 3.d3 g6 4.e4 d6 5.g3 Bg7 6.Bg2 O-O 7.Nge2 Nc6 8.O-O e5
9.Be3 Ng4 10.Bd2 f4 11.gxf4  1/2-1/2

[Event "Lvov zt"]
[Site "Lvov"]
[Date "1990.??.??"]
[Round "?"]
[White "Yudasin, Leonid"]
[Black "Rozentalis, Eduardas"]
[Result "1-0"]
[WhiteElo "2575"]
[BlackElo "2520"]

1.e4 e5 2.Nf3 Nf6 3.Nxe5 d6 4.Nf3 Nxe4 5.d4 d5 6.Bd3 Bd6 7.O-O O-O 8.c4 c6
9.Re1 Bf5 10.Qc2 Bg6 11.c5 Bc7 12.Nc3 Na6 13.a3 Re8 14.b4 Qf6 15.Nxe4 dxe4
16.Bxe4 Rxe4 17.Rxe4 Qf5 18.Nd2 Qh5 19.Nf1 Qd5 20.f3 Bxe4 21.Qxe4 Qd7 22.Be3 Re8
23.Qd3 Be5 24.Nd2 Nc7 25.Nc4 Bf6 26.Nd6 Re6 27.Bf2 Nd5 28.Ne4 g6 29.Rb1 a6
30.a4 Nf4 31.Qd2 Nd5 32.Kf1 Bg7 33.Qd3 Nf4 34.Qc4 Qe7 35.Rb3 Rxe4 36.fxe4 Qxe4
37.Rf3 g5 38.h3 h5 39.Rg3 Qb1+ 40.Be1 Qf5 41.Bd2 g4 42.hxg4 hxg4 43.Ke1 Qb1+
44.Bc1 Nd5 45.Rb3 Qa2 46.Bd2 Qa1+ 47.Ke2 Qa2 48.Kd3 Qxa4 49.Rb1 Bf6 50.Ke4 Kg7
51.Kf5 a5 52.Kxg4 axb4 53.Rh1 Qa6 54.Qc2 Qe2+ 55.Kg3 Kg8 56.Qh7+ Kf8 57.Qh6+ Bg7
58.Qd6+ Qe7 59.Re1 Qxd6+ 60.cxd6 Bf6 61.d7 b3 62.Bh6+ Kg8 63.Re8+ Kh7 64.Bc1 Nb4
65.Re3 Nc2 66.Rf3 Bd8 67.Rxf7+ Kg8 68.Rf4 Bc7 69.Kf2 Nb4 70.Rf3  1-0

[Event "Lvov zt"]
[Site "Lvov"]
[Date "1990.??.??"]
[Round "?"]
[White "Akopian, Vladimir"]
[Black "Yudasin, Leonid"]
[Result "0-1"]
[WhiteElo "2550"]
[BlackElo "2575"]

1.d4 Nf6 2.c4 e6 3.Nf3 c5 4.d5 d6 5.Nc3 exd5 6.cxd5 g6 7.g3 Bg7 8.Bg2 O-O
9.O-O a6 10.a4 Nbd7 11.Nd2 Re8 12.h3 Rb8 13.Nc4 Nb6 14.Na3 Bd7 15.Re1 Qc7
16.e4 Nxa4 17.Nxa4 b5 18.Nxc5 Qxc5 19.Be3 Qc8 20.Rc1 Qb7 21.Bd4 Rbc8 22.b4 Rxc1
23.Qxc1 Rc8 24.Qd2 Ne8 25.f4 Bxd4+ 26.Qxd4 Qc7 27.Re3 a5 28.bxa5 Qxa5 29.e5 Rc1+
30.Kh2 b4 31.e6 fxe6 32.dxe6 Bc6 33.Bxc6 Rxc6 34.Nc4 Qc5 35.Qxc5 Rxc5 36.Nb6 Rc3
37.Nd5 Rxe3 38.Nxe3 b3 39.Nd1 Kg7 40.Kg2 Kf6 41.Kf3 Kxe6 42.Ke3 Nf6 43.g4 d5
44.Kd4 Ne4 45.Nb2 Nf2 46.Kc3 Nxh3 47.Nd3 h5 48.f5+ Kf6 49.fxg6 hxg4 50.Kxb3 Kxg6
51.Kc3 Kf5 52.Kd4 Nf4 53.Ne1 g3 54.Ke3 g2 55.Kf2 Ke4 56.Nf3 d4 57.Ng5+ Kd3
58.Nf3 Kc3  0-1

[Event "New York op"]
[Site "New York"]
[Date "1990.??.??"]
[Round "1"]
[White "Yudasin, Leonid"]
[Black "Gurevich, Dmitry"]
[Result "1/2-1/2"]
[WhiteElo "2575"]
[BlackElo "2470"]

1.e4 d6 2.d4 Nf6 3.Nc3 g6 4.Be3 c6 5.Qd2 b5 6.f3 Bg7 7.g4 h5 8.g5 Nfd7 9.f4 Nb6
10.Nf3 d5 11.Ne5 b4 12.Ne2 a5 13.Bg2 h4 14.O-O h3 15.Bh1 dxe4 16.Bxe4 Bf5
17.Bxf5 gxf5 18.Qd3 Qd5 19.Rf2 Na6 20.c4 bxc3 21.bxc3 Bxe5 22.fxe5 e6 23.Nf4 Qc4
24.Qxc4 Nxc4 25.Rf3 Rh4 26.Nxh3 Kd7 27.Nf2 Rb8 28.Bf4 Rh5 29.Nd3 Nc7 30.Rg3 Rg8
31.Rb1 Kc8 32.Nc5 Nd5 33.Na6 Rg6 34.Rb8+ Kd7 35.Nc5+ Kc7 36.Rb7+ Kc8 37.Bc1 f4
38.Rg4 Rhxg5 39.Rxg5 Rxg5+ 40.Kf2 Rf5 41.Rb3 Rh5 42.Kg2 Rg5+ 43.Kf2 Rh5 44.Kg2 f3+
45.Kxf3 Rxh2 46.a4 Rh1 47.Bg5 Rg1 48.Bh6 Rh1 49.Bg5 Rh3+ 50.Kg4 Rxc3 51.Rxc3 Nxc3
52.Kf3 Kc7 53.Bh4 Kb6 54.Bd8+ Ka7 55.Kf4 Nd5+ 56.Kg5 Nce3 57.Bxa5 Nf5 58.Nb3 Ka6
59.Be1 Kb6 60.Kg4 Nde3+ 61.Kf3 Nd5 62.Ke4 Nfe7 63.Kd3 Nf5 64.Bd2 Kb7 65.Nc5+ Ka7
66.Ne4 Nb6 67.a5 Nd7 68.Kc4 Kb7 69.Nc5+ Nxc5 70.Kxc5 Ng3 71.a6+ Kxa6 72.Kxc6 Nf5
73.Bc3 Ne3 74.Bb4 Nf5 75.Bc5 Ne3  1/2-1/2

[Event "New York op"]
[Site "New York"]
[Date "1990.??.??"]
[Round "3"]
[White "Yudasin, Leonid"]
[Black "Wolff, Patrick G"]
[Result "1-0"]
[WhiteElo "2575"]
[BlackElo "2500"]

1.e4 d6 2.d4 Nf6 3.Nc3 g6 4.Be3 c6 5.Qd2 b5 6.f3 Qc7 7.O-O-O Nbd7 8.Bh6 Bxh6
9.Qxh6 Bb7 10.Nh3 O-O-O 11.Ng5 Rhf8 12.Kb1 Kb8 13.g4 e5 14.Qg7 b4 15.Ne2 Rde8
16.dxe5 dxe5 17.Nxh7 Nxh7 18.Qxh7 Nc5 19.Nc1 Rh8 20.Qg7 Qe7 21.Bc4 Ref8 22.Nb3 Nd7
23.Rd2 Nf6 24.Rhd1 Bc8 25.Na5 Kc7 26.Nxc6 Kxc6 27.Rd6+ Qxd6 28.Rxd6+ Kxd6
29.Qxf6+ Be6 30.h4 Rhg8 31.b3 a5 32.g5 Rc8 33.f4 exf4 34.Qxf4+ Kd7 35.Bb5+ Ke7
36.Qf6+ Kd6 37.Qd4+ Ke7 38.Qa7+ Kd6 39.Qxa5 Rgd8 40.e5+ Kd5 41.Bd7+  1-0

[Event "New York op"]
[Site "New York"]
[Date "1990.??.??"]
[Round "4"]
[White "Benjamin, Joel"]
[Black "Yudasin, Leonid"]
[Result "0-1"]
[WhiteElo "2530"]
[BlackElo "2575"]

1.d4 Nf6 2.Nf3 e6 3.Bg5 c5 4.e3 Qb6 5.Nbd2 Qxb2 6.Bd3 Qc3 7.O-O d5 8.Bxf6 gxf6
9.dxc5 Bg7 10.Rb1 Qxc5 11.e4 dxe4 12.Nxe4 Qc7 13.Bb5+ Kf8 14.Qd2 a6 15.Be2 Nc6
16.Rfd1 h5 17.Nd6 h4 18.Rb3 h3 19.g3 Rh5 20.Rd3 Qa5 21.c3 Rb8 22.Qb2 Rc5
23.Nxc8 Rb5 24.Qc2 Rxc8 25.Rd7 Rb6 26.Qh7 Rb2 27.Kf1 Rd8 28.Rxd8+ Nxd8 29.Qd3 Nc6
30.Qd7 Bh6 31.Nd4 Nxd4 32.Qxd4 Qe5 33.Bf3 Rxa2 34.Qb4+ Kg7 35.Qg4+ Bg5 36.Qxh3 f5
37.Qg2 Qxc3 38.Be2 Qb3 39.h4 Bd2 40.Kg1 Qd5 41.Bf3 Qc5 42.Bxb7 Be3 43.Rf1 Bd4
44.Qf3 a5 45.Qf4 Qb6 46.Bg2 a4 47.Kh2 Bf6 48.Qc4 Qb2 49.Bc6 a3 50.Be8 Qc2
51.Qa6 Qc5  0-1

[Event "New York op"]
[Site "New York"]
[Date "1990.??.??"]
[Round "5"]
[White "Yudasin, Leonid"]
[Black "Christiansen, Larry Mark"]
[Result "1/2-1/2"]
[WhiteElo "2575"]
[BlackElo "2560"]

1.e4 c5 2.Nf3 d6 3.d4 cxd4 4.Nxd4 Nf6 5.Nc3 Nc6 6.Bg5 e6 7.Qd2 a6 8.O-O-O h6
9.Be3 Nxd4 10.Bxd4 b5 11.Qe3 Bd7 12.e5 dxe5 13.Qxe5 Qb8 14.Qxb8+ Rxb8 15.Bxf6 gxf6
16.Ne4 Bc6 17.Nxf6+ Ke7 18.Nh5 Rg8 19.f3 Rg5 20.Nf4 h5 21.h4 Re5 22.Nd3 Bh6+
23.Kb1 Rd8 24.c3 Red5 25.Be2 a5 26.Rhe1 f6 27.Nc1 Be8 28.Nb3 a4 29.Nd4 R8d6
30.Bd3 Bf4 31.Be4 Re5 32.Ne2 Bd2 33.Rf1 b4 34.Kc2 b3+ 35.axb3 axb3+ 36.Kxb3 f5
37.Nd4 Be3 38.Bb1 Rb6+ 39.Kc2 Bxd4 40.Rxd4 Re2+ 41.Kc1 Rbxb2 42.g3 Rb3 43.Rc4 Rg2
44.Re1 Bb5 45.Rc5 Kd6 46.Bc2 Rb2 47.Kxb2 Kxc5 48.Re5+ Kc4 49.Kc1 Bd7 50.Ra5 Kxc3
51.Ra3+ Kb4 52.Rd3 Bb5 53.Re3 Bc4 54.f4 Kc5 55.Ra3 Kd4 56.Bd1 Be2 57.Bc2 Bb5
58.Bd1 Bd3 59.Bxh5 Rxg3 60.Be2 Rg1+ 61.Kd2 Bxe2 62.Kxe2 Rh1 63.Ra4+ Kd5 64.Ra5+ Kd6
65.Ra6+ Ke7 66.Ra7+ Kf6 67.Rh7  1/2-1/2

[Event "New York op"]
[Site "New York"]
[Date "1990.??.??"]
[Round "7"]
[White "Tal, Mihail"]
[Black "Yudasin, Leonid"]
[Result "1/2-1/2"]
[WhiteElo "2585"]
[BlackElo "2575"]

1.c4 Nf6 2.Nc3 c5 3.Nf3 e6 4.g3 b6 5.Bg2 Bb7 6.O-O a6 7.b3 d6 8.Bb2 Nbd7
9.e3 Be7 10.Qe2 O-O 11.Rfd1 Qc7 12.Rac1 Ne4 13.Nxe4 Bxe4 14.d3 Bb7 15.d4 Nf6
16.Ne1 Bxg2 17.Nxg2 Rfe8 18.Nf4 Qb7 19.dxc5  1/2-1/2

[Event "Novi Sad ol (Men)"]
[Site "Novi Sad"]
[Date "1990.??.??"]
[Round "7"]
[White "Yudasin, Leonid"]
[Black "Fedorowicz, John P"]
[Result "1-0"]
[WhiteElo "2615"]
[BlackElo "2565"]

1.e4 c5 2.Nf3 d6 3.d4 cxd4 4.Nxd4 Nf6 5.Nc3 Nc6 6.Bc4 e6 7.Be3 Be7 8.Qe2 O-O
9.O-O-O Bd7 10.Bb3 Nxd4 11.Bxd4 Qa5 12.Rhg1 b5 13.e5 dxe5 14.Qxe5 Rfc8 15.g4 Qc7
16.g5 Ne8 17.Nd5 Qxe5 18.Nxe7+ Kf8 19.Bxe5 Kxe7 20.Rg4 Rc5 21.Bd4 Rf5 22.c3 h6
23.gxh6 gxh6 24.Rh4 Nd6 25.Bc2 Rd5 26.Rxh6 Bc6 27.Bf6+ Kd7 28.Rxd5 Bxd5 29.Rh8 Rxh8
30.Bxh8 Ne4 31.Bd4 a6 32.h4 Ke7 33.h5 f5 34.h6 Ng5 35.f4 Nh7 36.Bd1 Kf8 37.b3 Kg8
38.Bh5  1-0

[Event "Novi Sad ol (Men)"]
[Site "Novi Sad"]
[Date "1990.??.??"]
[Round "12"]
[White "Yudasin, Leonid"]
[Black "Castro Rojas, Oscar Humberto"]
[Result "1-0"]
[WhiteElo "2615"]
[BlackElo "2320"]

1.e4 e5 2.Nf3 Nc6 3.Bb5 a6 4.Ba4 d6 5.O-O Ne7 6.c3 Ng6 7.d4 Bd7 8.Be3 Be7
9.Nbd2 h6 10.d5 Nb8 11.c4 O-O 12.b4 c5 13.bxc5 dxc5 14.Rb1 b6 15.Rb2 Bd6
16.Ne1 Re8 17.Nd3 Bc7 18.g3 Bxa4 19.Qxa4 Nd7 20.Nb1 Ne7 21.Nc3 Nc8 22.Qb3 Nd6
23.a4 Qf6 24.f3 g6 25.Rbf2 Rab8 26.Qa2 Re7 27.a5 b5 28.cxb5 axb5 29.Nxc5 Nc4
30.d6 Nxe3 31.dxc7 Rc8 32.Re1 Qc6 33.Rxe3 Qxc5 34.Nd5 Re6 35.Kg2 Kg7 36.Rc3  1-0

[Event "Novi Sad ol (Men)"]
[Site "Novi Sad"]
[Date "1990.??.??"]
[Round "14"]
[White "Yudasin, Leonid"]
[Black "Arnason, Jon L"]
[Result "1/2-1/2"]
[WhiteElo "2615"]
[BlackElo "2540"]

1.e4 c5 2.Nf3 d6 3.d4 cxd4 4.Nxd4 Nf6 5.Nc3 a6 6.f4 Nbd7 7.a4 e5 8.fxe5 dxe5
9.Nf5 Qc7 10.Bd3 Nc5 11.O-O Bxf5 12.Rxf5 Be7 13.Bg5 Ncd7 14.Kh1 Rc8 15.Qf3 O-O
16.Rf1 Qd6 17.Qh3 Ne8 18.Bd2 Nef6 19.Nd5 Nxd5 20.exd5 g6 21.Bh6 Nf6 22.Bxf8 Rxf8
23.Qg3 Nxd5 24.Qxe5 gxf5 25.Qxf5 Nf6 26.Qg5+ Kh8 27.Qh4 Qb4 28.Qxb4 Bxb4
29.Rxf6 Bc5 30.Rh6 Re8 31.g3 a5 32.Rxh7+ Kg8 33.Rh5 b6 34.Kg2 Re1 35.Rg5+ Kf8
36.h4 Rb1 37.h5 Re1 38.h6 Bd4 39.Rd5 Bxb2 40.g4 Re5 41.Rd6 Re6 42.Rxe6 fxe6
43.Kf3 Bc1 44.h7 Kg7 45.Be4 Bg5 46.Ke2 Bf4 47.Kd3 Bg5 48.Kc4 Be3 49.Kb5 Bc5
50.Kc6 Bd4 51.Kd6 Bc3  1/2-1/2

[Event "Pamplona"]
[Site "Pamplona"]
[Date "1990.??.??"]
[Round "?"]
[White "Yudasin, Leonid"]
[Black "Novikov, Igor A"]
[Result "1-0"]
[WhiteElo "2615"]
[BlackElo "2575"]

1.e4 c5 2.Nf3 d6 3.d4 cxd4 4.Nxd4 Nf6 5.Nc3 a6 6.Bg5 e6 7.f4 Qb6 8.Nb3 Be7
9.Be2 Qe3 10.Qd3 Qxd3 11.cxd3 h6 12.Bxf6 Bxf6 13.d4 b6 14.O-O Bb7 15.Bf3 Nd7
16.Rac1 Rc8 17.e5 Bxf3 18.exf6 Ba8 19.fxg7 Rg8 20.Nd5 Rd8 21.Nc7+ Ke7 22.d5 Rxg7
23.Nd4 Nc5 24.Nxa8 Rxa8 25.dxe6 fxe6 26.f5 Rg4 27.Nxe6 Rag8 28.Nf4 Kf6 29.Nd5+ Ke5
30.Ne3 Re4 31.Nc4+ Kf6 32.Rc2 Rd4 33.Nxb6 Ne4 34.g3 Rg7 35.Rc8 Rb7 36.Rc6 Kg5
37.b3 Rd2 38.Nc4 Rxa2 39.Nxd6 Nxd6 40.Rxd6 Rxb3 41.Rg6+ Kh5 42.g4+ Kh4 43.Rxh6+ Kxg4
44.f6 Rf3 45.f7  1-0

[Event "Pamplona"]
[Site "Pamplona"]
[Date "1990.??.??"]
[Round "?"]
[White "Yudasin, Leonid"]
[Black "Kortschnoj, Viktor"]
[Result "1/2-1/2"]
[WhiteElo "2615"]
[BlackElo "2630"]

1.d4 e6 2.c4 Nf6 3.Nc3 Bb4 4.Qc2 c5 5.dxc5 Na6 6.a3 Qa5 7.Bd2 Nxc5 8.b3 O-O
9.Nf3 d6 10.Ra2 Bxc3 11.Bxc3 Qd8 12.e3 e5 13.b4 Nce4 14.Ba1 Be6 15.Bd3 Rc8
16.a4 a5 17.b5 Nc5 18.Be2 Ncd7 19.O-O Nb6 20.Nd2 Nfd5 21.Qb3 Nb4 22.Ra3 Qc7
23.Rc1 d5 24.Qc3 dxc4 25.Qxe5 Qxe5 26.Bxe5 Nd3 27.Bxd3 cxd3 28.Rxc8 Rxc8
29.f3 f6 30.Bg3 Rc1+ 31.Kf2 Rc2 32.Rxd3 Nxa4 33.Ke1 Nc5 34.Rd8+ Kf7 35.Ra8 Rb2
36.Bc7 a4 37.Bd6 Nd3+ 38.Ke2 Bc4 39.Rxa4 Bxb5 40.Ra7 Ke6 41.Bg3 Nf4+ 42.Kd1 Nd3
43.e4 Ba6 44.Ra8 Ra2 45.Rd8 Nb4 46.Nb3 Ke7 47.Rd2  1/2-1/2

[Event "Pamplona"]
[Site "Pamplona"]
[Date "1990.??.??"]
[Round "?"]
[White "Todorcevic, Miodrag"]
[Black "Yudasin, Leonid"]
[Result "1/2-1/2"]
[WhiteElo "2540"]
[BlackElo "2615"]

1.d4 Nf6 2.c4 e6 3.Nf3 Bb4+ 4.Bd2 Qe7 5.Nc3 d5 6.e3 O-O 7.Bd3 a5 8.O-O b6
9.Qe2 Bb7 10.a3 Bxc3 11.Bxc3 Ne4 12.Rac1  1/2-1/2

[Event "URS-chT"]
[Site "Podolsk"]
[Date "1990.??.??"]
[Round "?"]
[White "Sveshnikov, Evgeny"]
[Black "Yudasin, Leonid"]
[Result "1/2-1/2"]
[WhiteElo "2515"]
[BlackElo "2575"]

1.e4 e5 2.Nf3 Nf6 3.d4 Nxe4 4.dxe5 d5 5.Nbd2 Nc6 6.Nxe4 dxe4 7.Qxd8+ Nxd8
8.Nd4 Bc5 9.Be3 O-O 10.Bc4 Bxd4 11.Bxd4 Be6 12.Bxe6 fxe6 13.O-O Nc6 14.Bc3 b5
15.a3 a5 16.Rfe1 b4 17.Bd2 Rad8 18.Bg5 Rd4 19.axb4 axb4 20.b3 Nxe5 21.Re2 Nf7
22.Be7 Rb8 23.Rae1 Nd6  1/2-1/2

[Event "URS-chT"]
[Site "Podolsk"]
[Date "1990.??.??"]
[Round "?"]
[White "Yudasin, Leonid"]
[Black "Moroz, Alexander"]
[Result "1-0"]
[WhiteElo "2575"]
[BlackElo "2385"]

1.d4 d5 2.c4 e6 3.Nc3 c6 4.g3 dxc4 5.Bg2 Nf6 6.Nf3 b5 7.a4 b4 8.Nb1 Nbd7
9.O-O Ba6 10.Bg5 Rc8 11.Qc2 Be7 12.Rd1 O-O 13.e4 h6 14.Bf4 c5 15.d5 exd5
16.exd5 Nh5 17.Be3 Bd6 18.Nbd2 Ne5 19.Nxe5 Bxe5 20.Nxc4 Bxc4 21.Qxc4 Bxb2
22.Rab1 Be5 23.Bh3 Rc7 24.d6 Rc6 25.Rd5 Qf6 26.Qe4 Bd4 27.Bxd4 cxd4 28.Rxh5 Rxd6
29.Bf1 Re6 30.Qd3 Rd8 31.Rxb4 g5 32.h4 Qg6 33.Qxg6+ fxg6 34.Bc4 gxh5 35.Bxe6+ Kg7
36.Kf1 Kf6 37.Bc4 d3 38.Rb1 Rd4 39.hxg5+ hxg5 40.Bb5 h4 41.Rd1 d2 42.gxh4 gxh4
43.Ke2 h3 44.Ke3 Ke5 45.Rxd2 h2 46.f4+ Rxf4 47.Rxh2 Rf7 48.Rd2 Rh7 49.Rd7  1-0

[Event "URS-chT"]
[Site "Podolsk"]
[Date "1990.??.??"]
[Round "?"]
[White "Pigusov, Evgeny"]
[Black "Yudasin, Leonid"]
[Result "1-0"]
[WhiteElo "2545"]
[BlackElo "2575"]

1.Nf3 c5 2.c4 Nf6 3.g3 Nc6 4.Bg2 d5 5.cxd5 Nxd5 6.Nc3 Nc7 7.Qa4 Bd7 8.Qe4 f6
9.d4 cxd4 10.Nxd4 e5 11.Nb3 f5 12.Qe3 Bd6 13.O-O Qe7 14.Rd1 Be6 15.Qg5 O-O-O
16.Qxe7 Bxe7 17.Be3 Kb8 18.Bxc6 bxc6 19.Na5 Rd6 20.Rxd6 Bxd6 21.Nxc6+ Kb7
22.Na5+ Ka6 23.Rd1 Bb4 24.Nc6 Bxc3 25.bxc3 Nd5 26.Nxe5 Rc8 27.Bd4 Ka5 28.c4 Nb4
29.Bxa7 Nc6 30.Rd6 Nxe5 31.Rxe6 Nxc4 32.Re7  1-0

[Event "URS-chT"]
[Site "Podolsk"]
[Date "1990.??.??"]
[Round "?"]
[White "Yudasin, Leonid"]
[Black "Bagirov, Vladimir"]
[Result "1/2-1/2"]
[WhiteElo "2575"]
[BlackElo "2470"]

1.g3 d5 2.Bg2 c6 3.Nf3 Bg4 4.c4 Nd7 5.d4 e6 6.O-O Ngf6 7.b3 Bd6 8.Bb2 O-O
9.Nbd2 Qe7 10.Ne5 Bf5 11.h3 h6 12.g4 Bh7 13.e3 Ne4 14.Ndf3 f6 15.Nxd7 Qxd7
16.Ne1 Qc7 17.Nd3 a5 18.a4 Rfe8 19.Re1 Bf8 20.Rc1 Qb6 21.f3 Ng5 22.Kh1 Qc7
23.Nf4 e5 24.dxe5 fxe5 25.Nh5 dxc4 26.Rxc4 Rad8 27.Qa1 Bg6 28.f4 exf4 29.exf4 Rxe1+
30.Qxe1 Re8 31.Qa1 Bxh5 32.gxh5 Nh7 33.Qb1 Qf7 34.Qg6 Nf6  1/2-1/2

[Event "USA op"]
[Site "USA"]
[Date "1990.??.??"]
[Round "?"]
[White "Burnett, Kevin"]
[Black "Yudasin, Leonid"]
[Result "0-1"]
[WhiteElo "2295"]
[BlackElo "2575"]

1.e4 c5 2.Nf3 d6 3.d4 cxd4 4.Nxd4 Nf6 5.Nc3 a6 6.a4 e6 7.Be2 Be7 8.O-O O-O
9.Kh1 Qc7 10.f4 Rd8 11.Bf3 Nc6 12.Nb3 b6 13.Qe2 Bb7 14.Be3 Na5 15.Nd2 Nd7
16.f5 Bf6 17.fxe6 fxe6 18.Bg4 Re8 19.Qf2 Kh8 20.Bd4 Bxd4 21.Qxd4 Nc6 22.Qe3 Nf6
23.Bh3 Ne5 24.Rf4 Qc5 25.Qe2 Ng6 26.Rff1 Rac8 27.Nb3 Qb4 28.Rad1 Rc4 29.Rxd6 Rxc3
30.Rd4 Rxb3  0-1

[Event "USA op"]
[Site "USA"]
[Date "1990.??.??"]
[Round "?"]
[White "Donaldson, John W"]
[Black "Yudasin, Leonid"]
[Result "1/2-1/2"]
[WhiteElo "2400"]
[BlackElo "2575"]

1.Nf3 c5 2.c4 Nf6 3.g3 b6 4.Bg2 Bb7 5.O-O e6 6.Nc3 d6 7.d4 cxd4 8.Qxd4 Be7
9.Bg5 O-O 10.Rfd1 Nc6 11.Qf4 Qb8 12.Rac1  1/2-1/2

[Event "USA op"]
[Site "USA"]
[Date "1990.??.??"]
[Round "?"]
[White "Dzindzichashvili, Roman"]
[Black "Yudasin, Leonid"]
[Result "0-1"]
[WhiteElo "2545"]
[BlackElo "2575"]

1.d4 Nf6 2.Nf3 c5 3.d5 g6 4.Nc3 Bg7 5.e4 O-O 6.a4 d6 7.Be2 e6 8.dxe6 Bxe6
9.Ng5 Nc6 10.O-O Bc8 11.Bf4 Nd4 12.Nf3 Nh5 13.Be3 Nxe2+ 14.Qxe2 Re8 15.Qd3 b6
16.Rad1 Bxc3 17.bxc3 Bb7 18.Nd2 Qe7 19.a5 bxa5 20.Rfe1 Rad8 21.Qb5 Bxe4 22.Nxe4 Qxe4
23.Bd2 a6 24.Qxa5 Qxc2 25.Be3 Nf6 26.h3 Ne4 27.Rc1 Qd3 28.c4 h5 29.Qxa6 Re6
30.Qa1 Rde8 31.Red1 Qb3 32.Bh6 f6 33.Re1 Kh7 34.Be3 g5 35.Qa6 d5 36.Qa5 d4
37.Bd2 Qb2 38.Rcd1 Qc2 39.Kh2 Qxc4 40.f3 Nxd2 41.Qxd2  0-1

[Event "USA op"]
[Site "USA"]
[Date "1990.??.??"]
[Round "?"]
[White "Edelman, Daniel"]
[Black "Yudasin, Leonid"]
[Result "0-1"]
[WhiteElo "2360"]
[BlackElo "2575"]

1.e4 c5 2.Nf3 d6 3.d4 cxd4 4.Nxd4 Nf6 5.Nc3 a6 6.Be3 e6 7.Qd2 b5 8.f3 Nbd7
9.g4 Nb6 10.a4 bxa4 11.Nxa4 Nxa4 12.Rxa4 Bb7 13.Nb3 d5 14.Na5 Bc8 15.g5 Nd7
16.Nc6 Qc7 17.exd5 Nb6 18.Re4 Bd6 19.Bxb6 Qxb6 20.Qd4 Qxd4 21.Nxd4 Bb7 22.Bc4 O-O-O
23.Nc6 Rd7 24.dxe6 Rc7 25.exf7 Bxc6 26.Re6 Be7 27.O-O Bb5 28.Bxb5 axb5 29.Re5 Bc5+
30.Kh1 Rf8 31.b4 Bxb4 32.Rxb5 Bc5 33.f4 Rfxf7 34.f5 Be3 35.f6 Rxc2 36.Re1 Bf4
37.Re4 Rxh2+ 38.Kg1 Bc7 39.Rc5 Ra2 40.Rh4 gxf6 41.gxf6 Ra5 42.Rxa5 Bxa5 43.Kg2 Bd8
44.Rc4+ Kd7 45.Rd4+ Ke8 46.Re4+ Kf8 47.Rd4 Bxf6 48.Rf4 Kg7 49.Rf3 Kg6 50.Kh1 Ra7
51.Kg2 Be5 52.Re3 Kf5 53.Rh3 Kg4 54.Rf3 Bf4 55.Rf2 h5 56.Rb2 h4 57.Rb1 Rd7
58.Kh1 Re7 59.Rg1+ Kh3 60.Rf1 Re2 61.Rf3+ Kg4 62.Rf1 Be3 63.Rf3 Re1+ 64.Kg2 Rg1+  0-1

[Event "USA op"]
[Site "USA"]
[Date "1990.??.??"]
[Round "?"]
[White "Gurevich, Dmitry"]
[Black "Yudasin, Leonid"]
[Result "0-1"]
[WhiteElo "2470"]
[BlackElo "2575"]

1.c4 e5 2.g3 g6 3.d4 exd4 4.Qxd4 Nf6 5.Nc3 Nc6 6.Qe3+ Qe7 7.Nf3 d6 8.Bg2 Be6
9.Nd4 Nxd4 10.Qxd4 c5 11.Qd1 O-O-O 12.O-O h6 13.Qa4 a6 14.b4 Nd7 15.Rb1 Nb6
16.Qc2 Nxc4 17.bxc5 d5 18.e4 d4 19.Nd5 Qxc5 20.Bf4 Bd6 21.Rfc1 b5 22.a4 Bxd5
23.Bxd6 Rxd6 24.exd5 Kd7 25.axb5 axb5 26.Rd1 Re8 27.Qd3 Ra6 28.Qb3 Ra5 29.Qf3 f5
30.Qf4 Ra2 31.Bf1 Re4 32.Qb8 d3 33.Qxb5+ Qxb5 34.Rxb5 d2 35.Rbb1 Na3 36.Rb7+ Kd6
37.Rb6+ Kd7 38.Re6 Rxe6 39.dxe6+ Kxe6 40.Bd3 Ke5 41.Kf1 Kd4 42.Ke2 Kc3 43.f4 Nc2
44.Bxc2 Rxc2 45.Ke3 Rb2 46.Ke2 Ra2 47.Rf1 Ra8  0-1

[Event "USA op"]
[Site "USA"]
[Date "1990.??.??"]
[Round "?"]
[White "Yudasin, Leonid"]
[Black "Rolletschek, Heinrich"]
[Result "1/2-1/2"]
[WhiteElo "2575"]
[BlackElo "2400"]

1.e4 e5 2.Nf3 Nc6 3.Bb5 a6 4.Ba4 d6 5.O-O b5 6.Bb3 Na5 7.d4 exd4 8.Nxd4 Bb7
9.Qe1 Nxb3 10.axb3 Ne7 11.c4 c5 12.Nf3 b4 13.Bg5 Qc7 14.Nbd2 Ng6 15.h4 h6
16.Be3 Be7 17.h5 Ne5 18.Nxe5 dxe5 19.Qe2 Bg5 20.Rfd1 Bxe3 21.Qxe3 O-O-O 22.Nf3 Rxd1+
23.Rxd1 Rd8 24.Rxd8+ Kxd8 25.Ne1 Ke7 26.Nd3 Kd6 27.Nxe5 Qe7 28.Nd3 Qxe4 29.Qg3+ Kc6
30.Ne5+ Kb6 31.Nxf7 Qb1+ 32.Kh2 Qf5 33.Qg6+ Qxg6 34.hxg6 Be4 35.Ne5 Kc7 36.f4 Kd6
37.g4 Bc2 38.Kg3 Bxb3 39.Kf2 a5 40.Ke2 a4 41.Kd2 a3 42.bxa3 bxa3 43.Kc1 Ke6
44.Kb1 Kf6 45.Ka1 Ke6  1/2-1/2

[Event "Moscow7 op"]
[Site "Moscow"]
[Date "1991.??.??"]
[Round "?"]
[White "Yudasin, Leonid"]
[Black "Lempert, Igor"]
[Result "1-0"]
[WhiteElo "2595"]
[BlackElo "2440"]

1.e4 c6 2.d4 d5 3.exd5 cxd5 4.Bd3 Nc6 5.c3 Nf6 6.Bf4 Bg4 7.Qb3 Qc8 8.Nd2 e6
9.Ngf3 Be7 10.O-O Bh5 11.Rfe1 O-O 12.Ne5 Nxe5 13.dxe5 Nd7 14.Qc2 Bg6 15.Bxg6 fxg6
16.Bg3 Bc5 17.Qd3 Nb6 18.b3 Qe8 19.a4 Rf7 20.a5 Nc8 21.Red1 Rd7 22.Ne4 Bf8
23.c4 a6 24.h3 h6 25.Ra4 Rb8 26.c5 Na7 27.Nd6 Bxd6 28.exd6 Nc6 29.Re1 Rc8
30.Rg4 g5 31.h4 gxh4 32.Bxh4 Qf7 33.Qe3 Kh8 34.Qxe6 Qxe6 35.Rxe6 Rf8 36.b4 Rf5
37.f3 d4 38.Re7 Rf7 39.Rge4 Kg8 40.Rxd7 Rxd7 41.Be1 Kf7 42.Kf2 Rd8 43.Ke2 Re8
44.Rxe8 Kxe8 45.Kd3 Kd7 46.Ke4 Ke6 47.Bd2 h5 48.Be1 g5 49.Bd2 Kf6 50.Kd5 d3
51.b5  1-0

[Event "Moscow7 op"]
[Site "Moscow"]
[Date "1991.??.??"]
[Round "?"]
[White "Yudasin, Leonid"]
[Black "Unzicker, Wolfgang"]
[Result "1-0"]
[WhiteElo "2595"]
[BlackElo "2455"]

1.d4 Nf6 2.Nf3 d5 3.c4 e6 4.Nc3 c5 5.cxd5 Nxd5 6.e4 Nxc3 7.bxc3 cxd4 8.cxd4 Bb4+
9.Bd2 Bxd2+ 10.Qxd2 O-O 11.Bc4 Nc6 12.O-O b6 13.Rac1 Bb7 14.Rfd1 Rc8 15.h4 h6
16.d5 exd5 17.Bxd5 Qe7 18.Qf4 Nd8 19.Nd4 Ne6 20.Nf5 Qf6 21.Nxh6+ Qxh6 22.Qxh6 gxh6
23.Bxb7 Rxc1 24.Rxc1 Nc5 25.Bd5 Re8 26.f3 Kg7 27.Rd1 Rd8 28.Kf2 Kf6 29.Ke3 Ke7
30.g4 f6 31.Kf4 Rd6 32.Kf5 Nd7 33.f4 Nc5 34.Rc1  1-0

[Event "Moscow7 op"]
[Site "Moscow"]
[Date "1991.??.??"]
[Round "?"]
[White "Yudasin, Leonid"]
[Black "Sveshnikov, Evgeny"]
[Result "1/2-1/2"]
[WhiteElo "2595"]
[BlackElo "2540"]

1.e4 c5 2.Nf3 Nc6 3.d4 cxd4 4.Nxd4 e5 5.Nb5 d6 6.c4 Be7 7.N1c3 a6 8.Na3 Be6
9.Be2 Bg5 10.Bxg5 Qxg5 11.O-O Rd8 12.Nd5 Nf6 13.Nc7+ Kd7 14.Nxe6 fxe6 15.Bf3 Nd4
16.Nc2 Nxf3+ 17.Qxf3 Qf4 18.Qb3 Qxe4 19.c5 dxc5 20.Rfe1 Qc6 21.Rxe5 Kc8 22.Rxe6 Qd5
23.Qh3 Qd7 24.Qf5 Nd5 25.Ne3 Nc7 26.Re5 Qxf5 27.Rxf5 b6 28.a4  1/2-1/2

[Event "Moscow7 op"]
[Site "Moscow"]
[Date "1991.??.??"]
[Round "?"]
[White "Yudasin, Leonid"]
[Black "Murrey, Jacob"]
[Result "1/2-1/2"]
[WhiteElo "2595"]
[BlackElo "2450"]

1.e4 e5 2.Nf3 Nc6 3.Bc4 Nf6 4.d3 Be7 5.O-O O-O 6.c3 d6 7.Bb3 Be6 8.Re1 Qd7
9.Nbd2 Rae8 10.Ba4 a6 11.d4 exd4 12.cxd4 b5 13.Bc2 Bg4 14.h3 Bh5 15.Nb3 d5
16.e5 Ne4 17.Bxe4 dxe4 18.Rxe4 f6 19.exf6 Bxf6 20.Rxe8 Qxe8 21.Be3 Kh8 22.Rc1 Bxf3
23.Qxf3 Nxd4 24.Qd1 Nxb3 25.Qxb3 Qe5 26.Qb4 Be7 27.Qc3 Bd6 28.Qxe5 Bxe5 29.b3 Kg8
30.Rc5 Bd6 31.Rc6 Ra8 32.Bc5 Bxc5 33.Rxc5 Rd8 34.Kf1 Rd2 35.a4 bxa4 36.bxa4 Ra2
37.a5 c6  1/2-1/2

[Event "Munich"]
[Site "Munich"]
[Date "1991.??.??"]
[Round "2"]
[White "Yudasin, Leonid"]
[Black "Beliavsky, Alexander G"]
[Result "0-1"]
[WhiteElo "2645"]
[BlackElo "2640"]

1.e4 e5 2.Nf3 Nc6 3.Bb5 a6 4.Ba4 Nf6 5.d3 d6 6.c4 Be7 7.h3 O-O 8.Be3 Ne8
9.Nc3 f5 10.Bxc6 bxc6 11.d4 fxe4 12.Nxe4 exd4 13.Nxd4 Bd7 14.Qc2 c5 15.Ne2 Nf6
16.N4c3 Qc8 17.f3 Bf5 18.Qd2 Nd7 19.O-O Ne5 20.b3 Qd7 21.f4 Nc6 22.Rad1 Rae8
23.Bxc5 dxc5 24.Qxd7 Bxd7 25.Rxd7 Bd6 26.Rd1 Rf6 27.Ng3 Nb8 28.R1xd6 cxd6
29.Rb7 Rxf4 30.Nce4 Nc6 31.Nxd6 Re1+ 32.Kh2 g6 33.Rc7 Nd4 34.Rxc5 h5 35.Rc8+ Rf8
36.Rxf8+ Kxf8 37.Nge4 h4 38.Nc3 Ke7 39.Nde4 Nf5 40.b4 Kd8 41.b5 Ng3 42.Nf2 Rc1
43.Nce4 Nxe4 44.Nxe4 Rxc4 45.Nd6 Rd4 46.Nb7+ Kc8 47.bxa6 Rd5 48.Kg1 Kb8 49.Kf2 Ka7
50.Ke3 Kxa6 51.Ke4 Rg5 52.Nd8 Rxg2 53.Nc6 Rg3 54.Ne5 Rxh3 55.Nxg6 Rg3  0-1

[Event "Munich"]
[Site "Munich"]
[Date "1991.??.??"]
[Round "5"]
[White "Lobron, Eric"]
[Black "Yudasin, Leonid"]
[Result "1-0"]
[WhiteElo "2545"]
[BlackElo "2645"]

1.Nf3 d5 2.d4 Nf6 3.c4 e6 4.Nc3 dxc4 5.e4 Bb4 6.Bg5 c5 7.Bxc4 cxd4 8.Nxd4 Bxc3+
9.bxc3 Qa5 10.Bb5+ Nbd7 11.Bxf6 Qxc3+ 12.Kf1 gxf6 13.h4 Ke7 14.Rh3 Qa5 15.Rb1 Rd8
16.Qc1 Ne5 17.f4 Rxd4 18.Qc5+ Rd6 19.fxe5 fxe5 20.Qxe5 Bd7 21.Qg5+ Kf8 22.Qh6+ Ke7
23.Qg5+ Kf8 24.Qh6+ Ke7 25.e5 Bxb5+ 26.Kg1 Rd2 27.Qf6+ Ke8 28.Rg3 Qb6+ 29.Kh2 Qf2
30.Qh8+ Ke7 31.Qxa8 Bc6 32.Rxb7+ Bxb7 33.Qxb7+ Rd7 34.Qb4+ Kd8 35.Qf8+ Kc7
36.Rc3+ Kb7 37.Qc8+ Kb6  1-0